| 000 | 01415nam0a2200325 4500 | ||
|---|---|---|---|
| 001 | RU\NLR\bibl\283237 | ||
| 005 | 20260407121911.0 | ||
| 010 |
_a5-85862-085-Х _950000 |
||
| 035 | _a(NLR Aleph) 000278686 | ||
| 090 |
_a1630508 _c1630508 |
||
| 100 | _a20020703e19931763|||y0rusy50 ca | ||
| 101 | 0 | _arus | |
| 102 | _aRU | ||
| 105 | _aa ||||||||| | ||
| 200 | 1 | _aУстав Морской О всем, что касается к доброму управлению в бытности флота на море | |
| 205 | _a[Репр. изд.] | ||
| 210 |
_aМ. _cНоватор _cКренов К.В. _d1993 |
||
| 215 |
_a318 с. разд. паг. _d27 |
||
| 300 | _aНа авантит.: 300-летию Рос. воен. флота посвящается | ||
| 300 | _aНа тит. л. ориг. изд.: СПб., 1763 | ||
| 517 | 0 | _aО всем, что касается к доброму управлению в бытности флота на море | |
| 604 |
_171001$aРоссия _150011$aУстав морской$2nlr_sh2$3RU\NLR\AUTH\661326233 _aРоссия _tУстав морской _92207530 _3RU\NLR\AUTH\661326233 |
||
| 686 | 1 | _aЦ66,8(2)0-1 | |
| 740 | 1 |
_aРоссия _tВоенные уставы и наставления _3RU\NLR\AUTH\889957977 _9412039 |
|
| 801 | 0 |
_aRU _bNLR _c20020703 _gPSBO |
|
| 801 | 1 |
_aRU _bNLR _c20020703 |
|
| 942 | _cBOOK | ||
| 980 | _aNB | ||